00833nam a2200181Ia 4500001001300000003001000013008004100023040002500064041000700089100003400096245009500130250001100225260003600236300001200272500031200284650002400596700003100620a1921-48765 IT-MiCISF161014s9999||||xx |||||||||||||| ||und|| aIT-MiCISFcIT-MiCISF ait aOreglia Nicoletta (a cura di) 0aFamiglia, credi in ciò che seibSedici esperti si confrontano sul Vangelo della Famiglia a1a ed. a Cantalupa (TO)bEffatàc2008 app. 205 aAceti E., Bassani P., Belardinelli S., Bonetti R., Brambilla F.G., Gillini G., Giommi R., Grygiel S. e L., Nicolli S., Noriega J., Rota Scalabrini P., Thellung G. e A., Veglia F., Virgili R., Vivaldelli G., Zattoni M.T. / pastorale-familiare, spiritualità-familiare, esperienze, sessualità, fedeltà /  apastorale-familiare aOreglia Davide (a cura di)